| 000 | 00505ntaaa2200169 4500 | ||
|---|---|---|---|
| 003 | 01 | ||
| 005 | 20251027202216.0 | ||
| 008 | 0714s1973 ag 01 | ||
| 040 |
_aAR-BaBN _bspa _cAR-BaBN _eaacr _dRIC |
||
| 082 | _a267.7 R14 | ||
| 100 |
_aRamos C., Mario _920616 |
||
| 245 |
_aEl guía en el escuadrón / _cMario Ramos C. |
||
| 260 |
_aSan José, Costa Rica : _bEscuadrón de Servicio Cristiano, _c[19--] |
||
| 300 |
_a32 p. ; _cil. ; 13 cm. |
||
| 500 | _aManual para guías entre los jóvenes | ||
| 942 | _cBK | ||
| 999 |
_c16960 _d16960 |
||